Statistics for Swiss Watch Manufacturers

Click here to take the quiz!

General Stats

  • This quiz has been taken 80 times
  • The average score is 12 of 99

Answer Stats

Answer% Correct
Rolex
94%
Omega SA
76%
The Swatch Group
73%
TAG Heuer
67%
Patek Philippe & Co
63%
International Watch Company
54%
Tissot
54%
Breitling SA
51%
Vacheron Constantin
48%
Breguet
46%
Hublot
43%
Audemars Piguet
40%
Longines
40%
Rado
33%
Chopard
29%
Oris
27%
Richard Mille
25%
Raymond Weil
25%
Zenith
25%
Piaget SA
24%
Certina Kurth Frères
24%
Frédérique Constant
24%
Blancpain
24%
Maurice Lacroix
21%
Jaeger-LeCoultre
21%
Carl F. Bucherer
17%
Franck Muller
17%
Baume et Mercier
17%
Ulysse Nardin
17%
Girard-Perregaux
10%
MB&F
8%
Richemont
6%
Zodiac Watches
6%
F. P. Journe
5%
Zeno-Watch Basel
5%
Universal Genève
5%
De Grisogono
5%
Charriol
5%
Parmigiani Fleurier
5%
88 Rue du Rhone
3%
HYT
3%
Eterna
3%
Mido
3%
Alpina Watches
3%
Corum
3%
Gérald Genta
3%
Roger Dubuis
3%
ETA SA
2%
Catorex
2%
Chronoswiss
2%
Abraham-Louis Perrelet
2%
Armand Nicolet
2%
Urwerk
2%
Daniel Roth
2%
Era Watch Company
2%
Hanowa
2%
Ebel
2%
Gallet & Co
2%
Maitres du Temps
0%
Sandoz Watches
0%
Sowind Group
0%
Speake-Marin
0%
Andreas Strehler
0%
Bedat & Co
0%
General Watch Co
0%
TechnoMarine
0%
Arcadia Watches
0%
Ronda
0%
Romain Gauthier
0%
Endura Watch Factory
0%
Allgemeine Gesellschaft der Schweizerischen Uhrenindustrie
0%
Valbray
0%
Waltham International
0%
West End Watch Co
0%
Acrotec Group
0%
Favre-Leuba
0%
Rotary Watches
0%
Roamer
0%
Blanchet
0%
Jean Perret
0%
Manufacture Royale
0%
Mathey-Tissot
0%
Juvenia
0%
mb-microtec
0%
Czapek & Cie
0%
Jovial
0%
Cyma Watches
0%
Mouawad
0%
A. Favre & Fils
0%
Manufacture Modules Technologies
0%
Christian Jacques
0%
Grovana Watch
0%
Greubel Forsey
0%
Century Time Gems
0%
Cecil Purnell
0%
Eberhard & Co
0%
Ribordy Watches
0%
Ernest Borel
0%
Ollech & Wajs
0%

Score Distribution

Percentile by Number Answered

Percent of People with Each Score

Your Score History

You have not taken this quiz